Internet (articulo revista compumagazine) /

Guardado en:
Formato: Libro
Publicado: Buenos Aires : Compumagazine, 1995
Materias:
Etiquetas: Agregar Etiqueta
Sin Etiquetas, Sea el primero en etiquetar este registro!
LEADER 00513nam a22001695a 4500
001 CEM.cems009344
005 20060214000000.0
008 130507s1995##################000#0#####d
003 CEMS
082 0 4 |a F001.64 
245 0 0 |a Internet (articulo revista compumagazine) / 
260 |a Buenos Aires :  |b Compumagazine,  |c 1995 
300 |a 8 p. 
653 |a Computacion 
653 |a Internet 
859 |a CEMS  |b BIB. CEMS - 11 de abril  |h F001.64  |i 1-1  |p 1484.44  |t Ej.1 
859 |a CEMS  |b BIB. CEMS - 11 de abril  |h F001.64  |i 1-1  |p 1485.44  |t Ej.2